[Event "Stara Pazova"]
[Site "Stara Pazova"]
[Date "1988.??.??"]
[Round "2"]
[White "Popchev, Milko"]
[Black "Velimirovic, Dragoljub"]
[Result "1/2-1/2"]
[WhiteElo "2470"]
[BlackElo "2540"]
[PlyCount "121"]
[EventDate "1988.10.??"]
[EventType "tourn"]
[EventRounds "13"]
[EventCountry "YUG"]
[EventCategory "9"]
[Source "ChessBase"]
[SourceDate "1996.11.15"]
[WhiteTeamCountry "YUG"]
[BlackTeamCountry "AUT"]

1. e4 c5 2. c4 g6 3. g3 Bg7 4. Bg2 Nc6 5. Nc3 a6 6. Nge2 Rb8 7. a4 d6 8. O-O h5
9. h3 h4 10. g4 g5 11. d3 Bxc3 12. bxc3 e5 13. d4 f6 14. a5 Bd7 15. dxc5 dxc5
16. Qd6 Qe7 17. Qxe7+ Ngxe7 18. Be3 Be6 19. Ra4 Rc8 20. Rb1 Nd8 21. Nc1 Ng6 22.
Bf1 Rh7 23. Nd3 Rhc7 24. Nb2 Nf7 25. f3 Nd6 26. Bf2 Bd7 27. Raa1 Be6 28. Na4
Nxc4 29. Nb6 Nxb6 30. Rxb6 Re7 31. Rd1 Nf8 32. Rdb1 Rcc7 33. Be2 Kf7 34. Bd1
Bc4 35. Ba4 Ne6 36. Be3 Nf4 37. Bxf4 exf4 38. Kf2 Bd3 39. R1b2 c4 40. Rd6 Rc5
41. Rbb6 Rxa5 42. Rxf6+ Kg8 43. Rg6+ Kf8 44. Rgf6+ Rf7 45. Rxf7+ Kxf7 46. Rxb7+
Ke6 47. Rb6+ Ke7 48. Rb7+ Kd6 49. Rb6+ Kc7 50. Rb4 Re5 51. Bd1 Re6 52. Ke1 Rd6
53. Ba4 Rb6 54. Rxb6 Kxb6 55. Kd2 Kc5 56. Bc2 Bf1 57. Ke1 Bxh3 58. Kf2 Kd6 59.
Bb1 Ke5 60. Ba2 a5 61. Bxc4 1/2-1/2

[Event "Stara Pazova"]
[Site "Stara Pazova"]
[Date "1988.??.??"]
[Round "3"]
[White "Velimirovic, Dragoljub"]
[Black "Abramovic, Bosko"]
[Result "0-1"]
[WhiteElo "2540"]
[BlackElo "2445"]
[PlyCount "78"]
[EventDate "1988.10.??"]
[EventType "tourn"]
[EventRounds "13"]
[EventCountry "YUG"]
[EventCategory "9"]
[Source "ChessBase"]
[SourceDate "1996.11.15"]
[WhiteTeamCountry "YUG"]
[BlackTeamCountry "AUT"]

1. e4 c5 2. Nf3 e6 3. d4 cxd4 4. Nxd4 a6 5. c4 Nf6 6. Nc3 Qc7 7. a3 d6 8. Be3
Be7 9. Rc1 O-O 10. g4 Nc6 11. g5 Nd7 12. Nxc6 bxc6 13. f4 c5 14. Bd3 Re8 15.
O-O Bb7 16. Rf3 Bf8 17. h4 g6 18. h5 Bg7 19. Rh3 d5 20. hxg6 hxg6 21. cxd5 exd5
22. f5 d4 23. fxg6 Ne5 24. Qh5 Re7 25. gxf7+ Kf8 26. Bc4 Nxc4 27. g6 Nxe3 28.
Qh7 Rxf7 29. gxf7 Qe5 30. Ne2 d3 31. Rh5 Qf6 32. Rhxc5 dxe2 33. Qg8+ Ke7 34.
Rc7+ Kd6 35. e5+ Qxe5 36. Kf2 Ng4+ 37. Ke1 Qg3+ 38. Kxe2 Qe3+ 39. Kd1 Nf2+ 0-1

[Event "Stara Pazova"]
[Site "Stara Pazova"]
[Date "1988.??.??"]
[Round "4"]
[White "Plachetka, Jan"]
[Black "Velimirovic, Dragoljub"]
[Result "1-0"]
[WhiteElo "2400"]
[BlackElo "2540"]
[PlyCount "127"]
[EventDate "1988.10.??"]
[EventType "tourn"]
[EventRounds "13"]
[EventCountry "YUG"]
[EventCategory "9"]
[Source "ChessBase"]
[SourceDate "1996.11.15"]
[WhiteTeamCountry "YUG"]
[BlackTeamCountry "AUT"]

1. d4 Nf6 2. Nf3 g6 3. Bg5 Bg7 4. Nbd2 c5 5. Bxf6 exf6 6. dxc5 O-O 7. c3 b6 8.
cxb6 Qxb6 9. Qb3 Qc7 10. e3 Nc6 11. Be2 Rb8 12. Qc2 d5 13. Nb3 Bf5 14. Qd2 Qb6
15. O-O a5 16. Rfd1 Be4 17. Nfd4 Ne5 18. f3 Nc4 19. Bxc4 dxc4 20. fxe4 cxb3 21.
axb3 Rfe8 22. Qd3 Re5 23. b4 axb4 24. Ra6 Qc7 25. Nc6 Rh5 26. Qd6 Qxd6 27. Rxd6
Re8 28. Nxb4 f5 29. Nd5 fxe4 30. b4 Be5 31. Nf6+ Bxf6 32. Rxf6 Rd5 33. Ra7 Rd1+
34. Rf1 Rxf1+ 35. Kxf1 Rc8 36. Ra3 Kf8 37. Ke2 Ke7 38. g4 h6 39. h4 f5 40. gxf5
gxf5 41. Kf2 Ke6 42. b5 Kd5 43. b6 Rb8 44. Rb3 Kc4 45. Rb1 Rb7 46. Kg3 h5 47.
Kf4 Kxc3 48. Kxf5 Kc2 49. Rb5 Kd3 50. Ke5 Kc4 51. Rb1 Kd3 52. Kf4 Rf7+ 53. Kg5
Rb7 54. Kf4 Rf7+ 55. Ke5 Rb7 56. Kd5 Kxe3 57. Kc6 Rb8 58. Rb5 Kf4 59. Rxh5 e3
60. Rb5 e2 61. Rb1 Rd8 62. b7 Kf3 63. Kc7 Rd1 64. b8=Q 1-0

[Event "Stara Pazova"]
[Site "Stara Pazova"]
[Date "1988.??.??"]
[Round "5"]
[White "Velimirovic, Dragoljub"]
[Black "Kovacevic, Vlatko"]
[Result "1-0"]
[WhiteElo "2540"]
[BlackElo "2515"]
[PlyCount "125"]
[EventDate "1988.10.??"]
[EventType "tourn"]
[EventRounds "13"]
[EventCountry "YUG"]
[EventCategory "9"]
[Source "ChessBase"]
[SourceDate "1996.11.15"]
[WhiteTeamCountry "YUG"]
[BlackTeamCountry "AUT"]

1. e4 e6 2. d4 d5 3. Nc3 Nf6 4. Bg5 Be7 5. e5 Nfd7 6. h4 Bxg5 7. hxg5 Qxg5 8.
Nh3 Qh6 9. g3 c6 10. Qf3 g6 11. Nf4 Qf8 12. O-O-O a5 13. Rh3 Qe7 14. Bd3 Nf8
15. Qe3 Nbd7 16. Ng2 b5 17. f4 a4 18. g4 b4 19. Ne2 Rg8 20. Rg3 c5 21. Bb5 Ra5
22. Bxd7+ Bxd7 23. dxc5 Qxc5 24. Nd4 a3 25. b3 Ra8 26. g5 Rc8 27. Qd2 Bb5 28.
Kb1 Ba6 29. Rc1 Qb6 30. c3 Rc4 31. Ne3 Rxc3 32. Rxc3 bxc3 33. Qxc3 Nd7 34. Ng4
Rh8 35. Rg1 Ke7 36. Qb4+ Qxb4 37. Nc6+ Kf8 38. Nxb4 Be2 39. Nh6 Ke7 40. Nc6+
Kf8 41. Nd4 Bd3+ 42. Kc1 Kg7 43. Kd2 Ba6 44. Rc1 Rc8 45. Rxc8 Bxc8 46. b4 Nb6
47. Kc3 Nc4 48. Ng4 Kf8 49. b5 Ke7 50. Kb4 Kd8 51. Nh6 Ke8 52. Kc5 Nb2 53. Kd6
Bd7 54. b6 Bc8 55. Ng4 Ba6 56. Kc7 Nd3 57. Nf6+ Kf8 58. Nc2 Kg7 59. Ne8+ Kg8
60. Nd6 Nxf4 61. Nb4 d4 62. Nxa6 Nd5+ 63. Kc6 1-0

[Event "Stara Pazova"]
[Site "Stara Pazova"]
[Date "1988.??.??"]
[Round "6"]
[White "Indjic, Dusan"]
[Black "Velimirovic, Dragoljub"]
[Result "1/2-1/2"]
[WhiteElo "2370"]
[BlackElo "2540"]
[PlyCount "115"]
[EventDate "1988.10.??"]
[EventType "tourn"]
[EventRounds "13"]
[EventCountry "YUG"]
[EventCategory "9"]
[Source "ChessBase"]
[SourceDate "1996.11.15"]
[WhiteTeamCountry "YUG"]
[BlackTeamCountry "AUT"]

1. d4 Nf6 2. c4 g6 3. Nc3 Bg7 4. e4 O-O 5. Nf3 d6 6. Be2 c5 7. O-O Nc6 8. d5
Na5 9. h3 e5 10. Ne1 a6 11. b3 Bd7 12. Qc2 Qe8 13. Bd2 b5 14. Kh2 Nb7 15. a4 b4
16. Nd1 Na5 17. f3 Nh5 18. g3 f5 19. Rg1 Nf6 20. Nf2 fxe4 21. Nxe4 Nxe4 22.
fxe4 Rf2+ 23. Rg2 Rxg2+ 24. Nxg2 Qe7 25. Rf1 Rf8 26. Rxf8+ Qxf8 27. Bd1 Qf1 28.
Bg5 h6 29. Bc1 Kh7 30. Be2 Qf8 31. g4 Bf6 32. Kg3 Bg5 33. Bxg5 hxg5 34. Qd3 Qb8
35. Bd1 Kg7 36. Qe3 Qd8 37. h4 gxh4+ 38. Nxh4 Qf6 39. Ng2 g5 40. Qf3 Qh6 41.
Ne3 Nb7 42. Kg2 Kg8 43. Nf5 Qf6 44. Ng3 Qf4 45. Nh5 Qxf3+ 46. Kxf3 Kf7 47. Ng3
Kf8 48. Nf5 Be8 49. Ke3 Bg6 50. Be2 Bf7 51. Nh6 Be8 52. Nf5 Bd7 53. Bd1 Ke8 54.
Nh6 Nd8 55. Be2 Kf8 56. Bd1 Ke7 57. Nf5+ Bxf5 58. exf5 1/2-1/2

[Event "Stara Pazova"]
[Site "Stara Pazova"]
[Date "1988.??.??"]
[Round "7"]
[White "Velimirovic, Dragoljub"]
[Black "Cabrilo, Goran"]
[Result "1-0"]
[WhiteElo "2540"]
[BlackElo "2510"]
[PlyCount "147"]
[EventDate "1988.10.??"]
[EventType "tourn"]
[EventRounds "13"]
[EventCountry "YUG"]
[EventCategory "9"]
[Source "ChessBase"]
[SourceDate "1996.11.15"]
[WhiteTeamCountry "YUG"]
[BlackTeamCountry "AUT"]

1. e4 c5 2. Nf3 e6 3. d4 cxd4 4. Nxd4 a6 5. c4 Nf6 6. Nc3 Qc7 7. a3 d6 8. Be3
b6 9. g3 Bb7 10. Bg2 Nbd7 11. Rc1 Rc8 12. f4 Qb8 13. O-O Rxc4 14. Qe2 Rc8 15.
g4 Nc5 16. Bd2 e5 17. Nf5 Ne6 18. Nd5 Nd7 19. Rxc8+ Qxc8 20. fxe5 dxe5 21. b4
g6 22. Nh6 Nf4 23. Bxf4 exf4 24. Qb2 Bxd5 25. exd5 f6 26. Re1+ Ne5 27. Rxe5+
fxe5 28. Qxe5+ Kd7 29. Qe6+ Kc7 30. d6+ Bxd6 31. Qd5 Qd7 32. Qb7+ Kd8 33. Nf7+
Ke7 34. Qxd7+ Kxd7 35. Nxh8 Ke6 36. Be4 Be5 37. Bxg6 Bxh8 38. Bxh7 Bb2 39. a4
Bc3 40. Kg2 Bf6 41. Kf3 Ke5 42. a5 bxa5 43. bxa5 Bd8 44. Bd3 Bxa5 45. g5 Bd8
46. h4 a5 47. Kg4 a4 48. h5 a3 49. Bc4 f3 50. h6 Bf6 51. g6 f2 52. g7 f1=Q 53.
Bxf1 a2 54. g8=Q a1=Q 55. Qb8+ Kd5 56. Qb5+ Kd6 57. Qb4+ Kd5 58. Bc4+ Kc6 59.
Qb5+ Kd6 60. Qb6+ Kd7 61. Bb5+ Kc8 62. Qc6+ Kb8 63. Qd6+ Kb7 64. Kf5 Bh8 65.
Bc6+ Kb6 66. Bd7+ Kb7 67. Qc6+ Ka7 68. Qc5+ Kb7 69. Bc6+ Kc7 70. Bd5+ Kd8 71.
Qb6+ Ke7 72. Qc7+ Ke8 73. Bc6+ Kf8 74. Qd8+ 1-0

[Event "Stara Pazova"]
[Site "Stara Pazova"]
[Date "1988.??.??"]
[Round "8"]
[White "Ivanovic, Bozidar"]
[Black "Velimirovic, Dragoljub"]
[Result "1/2-1/2"]
[WhiteElo "2540"]
[BlackElo "2540"]
[PlyCount "32"]
[EventDate "1988.10.??"]
[EventType "tourn"]
[EventRounds "13"]
[EventCountry "YUG"]
[EventCategory "9"]
[Source "ChessBase"]
[SourceDate "1996.11.15"]
[WhiteTeamCountry "YUG"]
[BlackTeamCountry "AUT"]

1. e4 e5 2. Nf3 Nc6 3. Bc4 Nf6 4. d3 h6 5. O-O g6 6. Bd2 d6 7. h3 Bg7 8. Qc1
Be6 9. Na3 Qd7 10. Bxe6 fxe6 11. b4 Nh5 12. Rb1 O-O 13. b5 Ne7 14. Nc4 Kh7 15.
c3 g5 16. Qd1 Nf4 1/2-1/2

[Event "Stara Pazova"]
[Site "Stara Pazova"]
[Date "1988.??.??"]
[Round "9"]
[White "Velimirovic, Dragoljub"]
[Black "Tringov, Georgi"]
[Result "1/2-1/2"]
[WhiteElo "2540"]
[BlackElo "2430"]
[PlyCount "64"]
[EventDate "1988.10.??"]
[EventType "tourn"]
[EventRounds "13"]
[EventCountry "YUG"]
[EventCategory "9"]
[Source "ChessBase"]
[SourceDate "1996.11.15"]
[WhiteTeamCountry "YUG"]
[BlackTeamCountry "AUT"]

1. e4 c5 2. Nf3 d6 3. d4 cxd4 4. Nxd4 Nf6 5. Nc3 e6 6. Be3 a6 7. Bc4 Be7 8. Bb3
O-O 9. g4 Nc6 10. g5 Nd7 11. Rg1 Nde5 12. Nxc6 Nxc6 13. Rg3 Re8 14. h4 Na5 15.
h5 b5 16. g6 Nxb3 17. axb3 Bb7 18. gxf7+ Kxf7 19. Qg4 Bf6 20. O-O-O Rc8 21. Bd4
Kg8 22. Bxf6 Qxf6 23. Rxd6 Rc7 24. Kb1 Qe5 25. Rb6 Rce7 26. Rd3 Qc5 27. Rdd6
Rf8 28. f4 Qe3 29. Rxb7 Rxb7 30. Qxe6+ Kh8 31. Nd5 Qe1+ 32. Ka2 Qa5+ 1/2-1/2

[Event "Stara Pazova"]
[Site "Stara Pazova"]
[Date "1988.??.??"]
[Round "11"]
[White "Velimirovic, Dragoljub"]
[Black "Popov, Luben"]
[Result "0-1"]
[WhiteElo "2540"]
[BlackElo "2430"]
[PlyCount "42"]
[EventDate "1988.10.??"]
[EventType "tourn"]
[EventRounds "13"]
[EventCountry "YUG"]
[EventCategory "9"]
[Source "ChessBase"]
[SourceDate "1996.11.15"]
[WhiteTeamCountry "YUG"]
[BlackTeamCountry "AUT"]

1. e4 c5 2. Nf3 e6 3. d4 cxd4 4. Nxd4 a6 5. c4 Nf6 6. Nc3 Qc7 7. a3 d6 8. Be3
b6 9. g3 Bb7 10. Bg2 Nbd7 11. O-O Rc8 12. Rc1 Qb8 13. Qe2 g6 14. f4 Bg7 15. e5
dxe5 16. fxe5 Nxe5 17. Bxb7 Qxb7 18. Bh6 Bxh6 19. Qxe5 O-O 20. Rxf6 Bxc1 21.
Ne4 Qe7 0-1

[Event "Stara Pazova"]
[Site "Stara Pazova"]
[Date "1988.??.??"]
[Round "12"]
[White "Romanishin, Oleg"]
[Black "Velimirovic, Dragoljub"]
[Result "1-0"]
[WhiteElo "2550"]
[BlackElo "2540"]
[PlyCount "93"]
[EventDate "1988.10.??"]
[EventType "tourn"]
[EventRounds "13"]
[EventCountry "YUG"]
[EventCategory "9"]
[Source "ChessBase"]
[SourceDate "1996.11.15"]
[WhiteTeamCountry "YUG"]
[BlackTeamCountry "AUT"]

1. e4 c5 2. Nf3 d6 3. c3 Nf6 4. Be2 Nc6 5. d4 cxd4 6. cxd4 d5 7. e5 Ne4 8. O-O
e6 9. Be3 Be7 10. Nbd2 Nxd2 11. Qxd2 Bd7 12. Rac1 Qa5 13. a3 Qxd2 14. Nxd2 f5
15. f4 Kf7 16. b4 a5 17. b5 Na7 18. a4 Rhc8 19. Nb3 b6 20. Bd2 Bd8 21. Bd3 Rxc1
22. Rxc1 Rc8 23. Rb1 h6 24. Kf2 g5 25. fxg5 Bxg5 26. Be1 Bd8 27. g3 h5 28. Kf3
Be8 29. h4 Kg7 30. Rc1 Bf7 31. Bd2 Rxc1 32. Nxc1 Be7 33. Be2 Nc8 34. Nd3 Kh7
35. Kf2 Bf8 36. Bg5 Ba3 37. Be3 Ne7 38. Nf4 Ng8 39. Bxh5 Bxh5 40. Nxh5 Kg6 41.
Nf4+ Kf7 42. Nh3 Bf8 43. Kf3 Ke8 44. Bg5 Kd7 45. Nf4 Nh6 46. Ng6 Bg7 47. Bf6
1-0

[Event "Stara Pazova"]
[Site "Stara Pazova"]
[Date "1988.??.??"]
[Round "13"]
[White "Velimirovic, Dragoljub"]
[Black "Kosanovic, Goran A"]
[Result "1-0"]
[WhiteElo "2540"]
[BlackElo "2395"]
[PlyCount "85"]
[EventDate "1988.10.??"]
[EventType "tourn"]
[EventRounds "13"]
[EventCountry "YUG"]
[EventCategory "9"]
[Source "ChessBase"]
[SourceDate "1996.11.15"]
[WhiteTeamCountry "YUG"]
[BlackTeamCountry "AUT"]

1. e4 c5 2. Nf3 d6 3. d4 cxd4 4. Nxd4 Nf6 5. Nc3 g6 6. Be3 Bg7 7. Qd2 Nc6 8. f3
O-O 9. Bc4 Bd7 10. O-O-O Rc8 11. Bb3 Ne5 12. h4 h5 13. Bg5 Rc5 14. g4 hxg4 15.
h5 Nxh5 16. Nd5 Rxd5 17. Bxd5 Qb6 18. Bb3 a5 19. Bh6 Nd3+ 20. cxd3 Qxd4 21.
Bxg7 Kxg7 22. Kb1 Rh8 23. fxg4 Bxg4 24. Rdf1 e6 25. Rc1 d5 26. exd5 a4 27. Bd1
Bxd1 28. Rhxd1 exd5 29. Rc7 Nf4 30. Rxb7 g5 31. Rb4 Qf6 32. Rxa4 d4 33. Qf2 Ne6
34. Qg2 Qf4 35. Qe4 Qf2 36. Qe5+ Qf6 37. Qe2 Nf4 38. Qe4 Ne6 39. Ra5 Rh4 40.
Qe2 Rh3 41. a4 Re3 42. Qh5 Rf3 43. Ka2 1-0

[Event "Thessaloniki ol (Men)"]
[Site "Thessaloniki"]
[Date "1988.11.15"]
[Round "3"]
[White "Wang Zili"]
[Black "Velimirovic, Dragoljub"]
[Result "1-0"]
[WhiteElo "2310"]
[BlackElo "2520"]
[PlyCount "67"]
[EventDate "1988.11.13"]
[EventType "swiss ()"]
[EventRounds "14"]
[EventCountry "GRE"]
[Source "ChessBase"]
[SourceDate "1994.03.01"]
[WhiteTeam "China"]
[BlackTeam "Yugoslavia"]
[WhiteTeamCountry "CHN"]
[BlackTeamCountry "YUG"]

1. e4 c5 2. Nf3 Nc6 3. d4 cxd4 4. Nxd4 g6 5. Nc3 Bg7 6. Be3 Nf6 7. Bc4 O-O 8.
Bb3 d6 9. f3 Qa5 10. Qd2 Bd7 11. O-O-O Rfc8 12. h4 Ne5 13. Kb1 Nc4 14. Bxc4
Rxc4 15. Nb3 Qc7 16. Bd4 Bc6 17. h5 a5 18. hxg6 hxg6 19. a4 e6 20. Rh4 Bxa4 21.
Rdh1 Rxd4 22. Nxd4 Be8 23. Ndb5 Bxb5 24. Nxb5 Qb6 25. c4 Nd7 26. g4 Rd8 27.
Nxd6 Ne5 28. Qh2 Kf8 29. Rh8+ Bxh8 30. c5 Bg7 31. cxb6 Rxd6 32. Rc1 Rxb6 33.
Rc8+ Ke7 34. Rg8 1-0

[Event "Thessaloniki ol (Men)"]
[Site "Thessaloniki"]
[Date "1988.11.21"]
[Round "8"]
[White "Ivanchuk, Vassily"]
[Black "Velimirovic, Dragoljub"]
[Result "1/2-1/2"]
[WhiteElo "2625"]
[BlackElo "2520"]
[PlyCount "39"]
[EventDate "1988.11.13"]
[EventType "swiss ()"]
[EventRounds "14"]
[EventCountry "GRE"]
[Source "ChessBase"]
[SourceDate "1994.03.01"]
[WhiteTeam "Soviet Union"]
[BlackTeam "Yugoslavia"]
[WhiteTeamCountry "URS"]
[BlackTeamCountry "YUG"]

1. d4 Nf6 2. c4 c5 3. d5 g6 4. Nc3 Bg7 5. e4 O-O 6. Nf3 d6 7. Be2 e6 8. Nd2 Na6
9. O-O Nc7 10. dxe6 Nxe6 11. Nb3 Re8 12. Be3 Qb6 13. f4 a5 14. a4 Nc7 15. e5
Ng4 16. Bxg4 Bxg4 17. Qxg4 Qxb3 18. exd6 Qxb2 19. dxc7 Qxc3 20. Rae1 1/2-1/2

[Event "Thessaloniki ol (Men)"]
[Site "Thessaloniki"]
[Date "1988.11.23"]
[Round "10"]
[White "Hector, Jonny"]
[Black "Velimirovic, Dragoljub"]
[Result "0-1"]
[WhiteElo "2435"]
[BlackElo "2520"]
[PlyCount "120"]
[EventDate "1988.11.13"]
[EventType "swiss ()"]
[EventRounds "14"]
[EventCountry "GRE"]
[Source "ChessBase"]
[SourceDate "1994.03.01"]
[WhiteTeam "Sweden"]
[BlackTeam "Yugoslavia"]
[WhiteTeamCountry "SWE"]
[BlackTeamCountry "YUG"]

1. e4 c5 2. Nc3 Nc6 3. Nf3 g6 4. Bc4 Bg7 5. O-O Ne5 6. Be2 d6 7. a3 Nf6 8. b4
Nc6 9. h3 O-O 10. Rb1 b6 11. d3 Nd4 12. Be3 Nh5 13. Qd2 e5 14. Bd1 Bb7 15. Nh2
Nf4 16. Na4 c4 17. dxc4 Qg5 18. Bxf4 Qxf4 19. Qxf4 exf4 20. f3 Rac8 21. Nb2 f5
22. c3 Nc6 23. exf5 Bxc3 24. fxg6 h5 25. Be2 Rf6 26. Rfd1 Re8 27. Bd3 Ne5 28.
Bf1 Nxg6 29. c5 d5 30. Na4 Be5 31. b5 Rd8 32. c6 Bc8 33. Bc4 Ne7 34. Rd2 Rfd6
35. Bb3 Nf5 36. Nf1 Kg7 37. Nb2 Nd4 38. Nd3 Nxb3 39. Rxb3 Bd4+ 40. Kh1 Be3 41.
Rd1 Bf5 42. Rb4 d4 43. a4 Kf6 44. Rb3 Re6 45. a5 bxa5 46. Ra3 Rd5 47. Rxa5 Re7
48. Kh2 h4 49. Nb2 Bf2 50. Nd2 Rde5 51. Ne4+ Bxe4 52. fxe4 Rxe4 53. Nd3 Bg3+
54. Kh1 Re2 55. Raa1 Ke6 56. Rxa7 Rxa7 57. b6 Raa2 58. b7 Rab2 59. Rg1 f3 60.
Nc5+ Kd5 0-1

[Event "Thessaloniki ol (Men)"]
[Site "Thessaloniki"]
[Date "1988.11.26"]
[Round "12"]
[White "Prasad, Devaki V"]
[Black "Velimirovic, Dragoljub"]
[Result "0-1"]
[WhiteElo "2410"]
[BlackElo "2520"]
[PlyCount "118"]
[EventDate "1988.11.13"]
[EventType "swiss ()"]
[EventRounds "14"]
[EventCountry "GRE"]
[Source "ChessBase"]
[SourceDate "1994.03.01"]
[WhiteTeam "India"]
[BlackTeam "Yugoslavia"]
[WhiteTeamCountry "IND"]
[BlackTeamCountry "YUG"]

1. e4 c5 2. Nf3 Nc6 3. d4 cxd4 4. Nxd4 g6 5. c4 Bg7 6. Be3 Nf6 7. Nc3 d6 8. Be2
Bd7 9. O-O O-O 10. Qd2 Nxd4 11. Bxd4 Bc6 12. f3 a5 13. Rac1 Nd7 14. Nd5 Bxd4+
15. Qxd4 e5 16. Qe3 Nc5 17. Rfd1 Bxd5 18. cxd5 Qd7 19. Rc2 b5 20. Rdc1 Rab8 21.
Bf1 b4 22. b3 Rbc8 23. g3 Rc7 24. h4 f5 25. Bh3 Qg7 26. exf5 gxf5 27. f4 Re7
28. Re1 e4 29. Kh2 h5 30. Bf1 Kh7 31. Be2 Kh6 32. Rd1 Rc7 33. Rdc1 Rg8 34. Kh3
Qf6 35. Kh2 Rcg7 36. Rg1 a4 37. Kh3 axb3 38. axb3 Ra7 39. Bc4 Rga8 40. Qd2 Rb8
41. Ra2 Re7 42. Re1 Qc3 43. Qxc3 bxc3 44. Rc2 Nxb3 45. Rxc3 Nc5 46. Re2 Ra7 47.
Rcc2 Rb4 48. Ba2 Ra3 49. Kg2 Kg6 50. Kf2 Kf6 51. Bc4 Rf3+ 52. Kg2 Ra4 53. Kh2
Raa3 54. Rg2 Rfc3 55. Rxc3 Rxc3 56. Bb5 Nd3 57. Be8 Nb4 58. Bxh5 Nxd5 59. Rd2
Rd3 0-1

[Event "Thessaloniki ol (Men)"]
[Site "Thessaloniki"]
[Date "1988.11.27"]
[Round "13"]
[White "Kudrin, Sergey"]
[Black "Velimirovic, Dragoljub"]
[Result "1-0"]
[WhiteElo "2545"]
[BlackElo "2520"]
[PlyCount "101"]
[EventDate "1988.11.13"]
[EventType "swiss ()"]
[EventRounds "14"]
[EventCountry "GRE"]
[Source "ChessBase"]
[SourceDate "1994.03.01"]
[WhiteTeam "US of America"]
[BlackTeam "Yugoslavia"]
[WhiteTeamCountry "USA"]
[BlackTeamCountry "YUG"]

1. e4 c5 2. Nf3 Nc6 3. d4 cxd4 4. Nxd4 g6 5. c4 Bg7 6. Be3 Nf6 7. Nc3 d6 8. Be2
Bd7 9. O-O O-O 10. Qd2 Nxd4 11. Bxd4 Bc6 12. f3 a5 13. b3 Nd7 14. Be3 Nc5 15.
Rab1 Qb6 16. Nb5 Rfc8 17. Rfd1 Qd8 18. Nc3 Qc7 19. Bf1 b6 20. Nd5 Qb7 21. Bg5
Bxd5 22. exd5 Re8 23. Re1 Qc7 24. h4 e5 25. dxe6 Rxe6 26. Rbd1 Rae8 27. Rxe6
Rxe6 28. Qd5 Qc8 29. g3 Qe8 30. Kf2 Bc3 31. Bd2 Bg7 32. Bf4 Be5 33. Bxe5 dxe5
34. Bh3 Re7 35. Qd6 Rb7 36. Qf6 Rb8 37. Ke3 Qf8 38. Rd5 Qh6+ 39. Qg5 Qf8 40.
Qf6 Qh6+ 41. Ke2 e4 42. f4 Qf8 43. Ke3 Nd3 44. Qd6 Qxd6 45. Rxd6 f5 46. g4 fxg4
47. Bxg4 Nc5 48. f5 Kf7 49. Rc6 Rb7 50. h5 g5 51. h6 1-0

[Event "Belgrade GMA op"]
[Site "Belgrade"]
[Date "1988.??.??"]
[Round "?"]
[White "Geller, Efim"]
[Black "Velimirovic, Dragoljub"]
[Result "1/2-1/2"]
[WhiteElo "2465"]
[BlackElo "2540"]
[PlyCount "21"]
[EventDate "1988.12.??"]
[EventType "swiss"]
[EventRounds "9"]
[EventCountry "YUG"]
[Source "ChessBase"]
[SourceDate "1994.03.01"]
[WhiteTeamCountry "USA"]
[BlackTeamCountry "YUG"]

1. Nf3 c5 2. g3 g6 3. Bg2 Bg7 4. O-O Nf6 5. d3 O-O 6. e4 Nc6 7. Nbd2 d6 8. c3
b5 9. Re1 Rb8 10. d4 b4 11. dxc5 1/2-1/2

[Event "Belgrade GMA op"]
[Site "Belgrade"]
[Date "1988.??.??"]
[Round "?"]
[White "Okhotnik, Vladimir"]
[Black "Velimirovic, Dragoljub"]
[Result "0-1"]
[WhiteElo "2445"]
[BlackElo "2540"]
[Annotator "Blatny,P"]
[PlyCount "120"]
[EventDate "1988.12.??"]
[EventType "swiss"]
[EventRounds "9"]
[EventCountry "YUG"]
[Source "ChessBase"]
[SourceDate "1994.03.01"]
[WhiteTeamCountry "USA"]
[BlackTeamCountry "YUG"]

1. e4 c5 2. c3 e6 3. d4 d5 4. exd5 exd5 5. Nf3 Nc6 6. Be2 Nf6 (6... c4 {
--> Lehmann-Hort}) 7. O-O Be7 (7... cxd4 $5 8. Nxd4 (8. cxd4 {
--> Suhle-Anderssen}) 8... Bd6 (8... Bc5) 9. Bg5 {--> Hightech-Apicella}) (7...
h6 8. h3 Bd6 {--> Roeder-Ostojic} (8... Be6 {--> Schmittdiel-Hort})) 8. dxc5 {N
} (8. Be3 {--> Hort-Karpov}) 8... Bxc5 9. Bg5 (9. Nbd2 {--> Light-Bjerring})
9... Be6 10. Nbd2 h6 11. Bh4 Bb6 12. Nb3 g5 $5 13. Bg3 Ne4 14. Nfd4 (14. Nbd4
Qf6 $13) 14... Nxg3 (14... Qf6 $5) 15. hxg3 (15. fxg3 Qd6) 15... Qf6 16. Bb5
Bd7 17. Re1+ (17. a4 $5 $13) 17... Kf8 18. Qf3 (18. Qd2 h5 $5 $13 (18... Kg7 {
P  R he8})) 18... Qxf3 19. gxf3 a6 (19... Kg7 $5 {P  he8}) 20. Bd3 a5 21. Bf5
$2 (21. a4 $10) 21... Be8 $1 $15 22. a4 Kg7 23. Nb5 Kf6 24. g4 Ne5 25. Kg2 Bxb5
26. axb5 h5 (26... Nc4 $1 27. Re2 Rhe8 $17) 27. Nd4 Nc4 28. Re2 Bxd4 29. cxd4
hxg4 30. fxg4 a4 $1 31. Ra2 (31. Bc2 Nxb2 32. Re5 Rhc8 33. Bf5 Rd8 34. Bc2 Rac8
$17) 31... Ra5 32. Bd3 Rc8 33. Ra1 Rxb5 34. Rxa4 (34. Rh1 Rb3 $17) 34... Rb3
35. Bf5 (35. Bxc4 Rxc4 36. Rxc4 dxc4 $17) 35... Rc7 36. Ra2 Re7 37. Rc2 Rb4 $17
38. Rc3 Nd6 39. Rf3 Rxd4 40. Ra8 Rf4 41. Rxf4 gxf4 42. Bd3 Ke5 43. Ra4 Re8 44.
Rb4 Rh8 45. Be2 Rc8 46. Bd3 Rc1 47. Kf3 Rh1 48. Bc2 Rh2 $19 49. Rb6 (49. Bb1 d4
$19) 49... Ne4 50. Bxe4 dxe4+ 51. Ke2 e3 52. Rb5+ Ke6 53. Rb6+ Kd5 54. Rb5+ Kc4
55. Rxb7 Rxf2+ 56. Ke1 Kd3 57. Rxf7 Rxb2 58. Rd7+ Ke4 59. Kd1 Rg2 60. Rg7 Kf3 {
[Velimirovic] [Blatny]} 0-1

[Event "Belgrade GMA op"]
[Site "Belgrade"]
[Date "1988.??.??"]
[Round "?"]
[White "Plaskett, Jim"]
[Black "Velimirovic, Dragoljub"]
[Result "1-0"]
[WhiteElo "2450"]
[BlackElo "2540"]
[PlyCount "55"]
[EventDate "1988.12.??"]
[EventType "swiss"]
[EventRounds "9"]
[EventCountry "YUG"]
[Source "ChessBase"]
[SourceDate "1989.06.01"]
[WhiteTeamCountry "USA"]
[BlackTeamCountry "YUG"]

1. e4 c5 2. Nc3 Nc6 3. f4 e6 4. Nf3 d5 5. Bb5 Nf6 6. Qe2 Be7 7. O-O O-O 8. Bxc6
bxc6 9. d3 a5 10. Bd2 a4 11. Ne5 Qc7 12. Rf3 Ne8 13. Re1 Nd6 14. Rh3 g6 15. Ng4
f5 16. Nh6+ Kg7 17. exd5 Bf6 18. dxe6 Bxe6 19. Qxe6 Rae8 20. Nd5 Bd4+ 21. Kf1
Qd8 22. Ne7 Rf6 23. Qe2 Bxb2 24. c3 c4 25. Qe5 Ne4 26. Rxe4 fxe4 27. Ng4 Qxe7
28. Rxh7+ 1-0